00461nam a2200193 a 4500001001300000003000900013005001700022008004100039020001000080082001700090100002100107245002000128260002600148300000900174500003500183505001000218650001800228700002100246nice12345678IN_TiNIC20260116011511.0050524s0000 dela grp 000 0 urd  ac3.500a922.97bAZA7 aAzad, Abul Kalam aTasrihat-E-Azad aDelhibTaj Co.,c0000 a160p aincludes index and biblioraphy2 aIndex aMuslims-India1 aAzad, Abul Kalam